Impact of Circular Economy Indicators on Resource Productivity in EU Countries
Skúmanie vplyvu ukazovateľov obehového hospodárstva na produktivitu zdrojov naprieč krajinami Európskej únie od roku 2012 do roku 2023.
Saved in:
| Main Author: | |
|---|---|
| Other Authors: | |
| Format: | Book Chapter |
| Language: | English |
| Subjects: | |
| Tags: |
No Tags, Be the first to tag this record!
|
MARC
| LEADER | 00000naa a2200000 4500 | ||
|---|---|---|---|
| 001 | 0306685 | ||
| 005 | 20250130110849.8 | ||
| 041 | 0 | |a eng | |
| 044 | |a CZ | ||
| 245 | 1 | 0 | |a Impact of Circular Economy Indicators on Resource Productivity in EU Countries |c Daniela Rybárová, Helena Majdúchová |
| 520 | |a Skúmanie vplyvu ukazovateľov obehového hospodárstva na produktivitu zdrojov naprieč krajinami Európskej únie od roku 2012 do roku 2023. | ||
| 610 | 2 | 0 | |a hospodárstvo obehové |
| 610 | 2 | 0 | |a ekonomika |
| 610 | 2 | 0 | |a produkcia |
| 610 | 2 | 0 | |a zdroje materiálové |
| 610 | 2 | 0 | |a zdroje surovinové |
| 610 | 2 | 0 | |a regresia |
| 100 | 1 | |a Rybárová, Daniela, 1967- | |
| 700 | 1 | |a Majdúchová, Helena, 1963- | |